[Event "SLO-chT3 West"]
[Site "Kocevje"]
[Date "2009.11.13"]
[Round "1"]
[White "Razinger, Igor"]
[Black "Krasevec, Viktor"]
[Result "1/2-1/2"]
[WhiteElo "2068"]
[BlackElo "2015"]
[PlyCount "92"]
[EventDate "2009.11.13"]
[EventType "swiss"]
[EventRounds "5"]
[EventCountry "SLO"]
[SourceTitle "EXT 2022"]
[Source "ChessBase"]
[SourceDate "2021.10.06"]
[SourceVersion "1"]
[SourceVersionDate "2021.10.06"]
[SourceQuality "1"]

1. d4 d5 2. c4 e6 3. Nf3 Nf6 4. g3 Be7 5. Nc3 0-0 6. Bg2 Nbd7 7. cxd5 exd5 8. 0-0 Re8 9. Bf4 c6 10. Qc2 Nf8 11. Ne5 Bd6 12. Nd3 Bf5 13. Bxd6 Qxd6 14. e3 Ng6 15. Rad1 Re7 16. Qa4 Bxd3 17. Rxd3 h5 18. b4 b5 19. Qb3 a5 20. Rb1 axb4 21. Qxb4 Qxb4 22. Rxb4 Ra3 23. Rb3 Rxb3 24. axb3 Ra7 25. Bf3 Ra3 26. Nb1 Ra1 27. Rd1 Ne7 28. Nc3 Ra3 29. Rb1 Nf5 30. Rb2 g6 31. Na2 Ne7 32. Nb4 Kg7 33. Kg2 Ne4 34. Nd3 f5 35. Bxe4 dxe4 36. Nc5 Kf7 37. f3 exf3+ 38. Kxf3 Ra1 39. h4 Rf1+ 40. Kg2 Re1 41. Kf2 Ra1 42. Rc2 Rh1 43. Kf3 Rf1+ 44. Kg2 Ra1 45. Kf2 Rb1 46. Kf3 Rf1+ 1/2-1/2

[Event "EU-ch Seniors 09th"]
[Site "Rogaska Slatina"]
[Date "2009.07.26"]
[Round "5"]
[White "Hocevar, Nikola"]
[Black "Krasevec, Viktor"]
[Result "1-0"]
[WhiteElo "2110"]
[BlackElo "2027"]
[PlyCount "63"]
[EventDate "2009.07.22"]
[EventType "swiss"]
[EventRounds "9"]
[EventCountry "SLO"]
[SourceTitle "CBM 131 Extra"]
[Source "ChessBase"]
[SourceDate "2009.09.03"]
[SourceVersion "2"]
[SourceVersionDate "2009.09.16"]
[SourceQuality "1"]

1. c4 e5 2. Nc3 Nf6 3. g3 c6 4. Nf3 e4 5. Nd4 Qb6 6. e3 d5 7. cxd5 cxd5 8. d3 Bb4 9. Bd2 Bxc3 10. Bxc3 0-0 11. Qb3 Qxb3 12. Nxb3 Nbd7 13. d4 Re8 14. Rc1 Nf8 15. Nc5 b6 16. Na6 Ne6 17. Bb4 Bd7 18. Be2 Rec8 19. Kd2 Ne8 20. b3 f6 21. Ba3 Kf7 22. Bb4 g6 23. a4 Nd8 24. Ba3 Ke6 25. f3 Bc6 26. fxe4 dxe4 27. Nb4 Bb7 28. Bc4+ Kf5 29. Nd5 Kg5 30. h4+ Kh6 31. Bf8+ Ng7 32. Nxf6 1-0

[Event "SLO-ch qual"]
[Site "Ljubljana"]
[Date "2007.07.07"]
[Round "3"]
[White "Titan, Matej"]
[Black "Krasevec, Viktor"]
[Result "1/2-1/2"]
[WhiteElo "1543"]
[BlackElo "2047"]
[PlyCount "78"]
[EventDate "2007.07.05"]
[EventType "swiss"]
[EventRounds "9"]
[EventCountry "SLO"]
[SourceTitle "EXT 2010"]
[Source "ChessBase"]
[SourceDate "2010.11.25"]
[SourceVersion "1"]
[SourceVersionDate "2010.11.25"]
[SourceQuality "1"]

1. d4 d5 2. c4 e6 3. Nf3 Nf6 4. g3 Nbd7 5. Bg2 c6 6. 0-0 Bd6 7. Qc2 0-0 8. Nbd2 b6 9. e4 dxe4 10. Nxe4 Nxe4 11. Qxe4 Bb7 12. Ne5 Rc8 13. b3 Rc7 14. Qe2 Bxe5 15. dxe5 c5 16. Bxb7 Rxb7 17. Rd1 Qe7 18. h4 h6 19. Bb2 Nb8 20. Rd6 Rd8 21. Qg4 Rbd7 22. Rad1 Na6 23. a3 Nc7 24. R1d3 Ne8 25. Rxd7 Rxd7 26. Qd1 Rxd3 27. Qxd3 Qc7 28. Bc3 a5 29. b4 axb4 30. axb4 cxb4 31. Bxb4 g6 32. Bd6 Qc6 33. Be7 Kg7 34. Qd8 h5 35. Bf6+ Kh7 36. Qe7 Kg8 37. Bg5 Ng7 38. Bf6 Ne8 39. Bg5 Kg7 1/2-1/2

[Event "SLO-chT 16th"]
[Site "Ljubljana"]
[Date "2006.07.06"]
[Round "5"]
[White "Ursic, Jakob"]
[Black "Krasevec, Viktor"]
[Result "1-0"]
[WhiteElo "1905"]
[BlackElo "2065"]
[PlyCount "53"]
[EventDate "2006.07.03"]
[EventType "team-tourn"]
[EventRounds "9"]
[EventCountry "SLO"]
[SourceTitle "EXT 2008"]
[Source "ChessBase"]
[SourceDate "2007.11.25"]
[SourceVersion "1"]
[SourceVersionDate "2007.11.25"]
[SourceQuality "1"]

1. e4 c6 2. d4 d5 3. exd5 cxd5 4. c4 Nf6 5. Nc3 e6 6. Nf3 Nc6 7. c5 Ne4 8. Qc2 f5 9. Bb5 Bd7 10. Bxc6 Bxc6 11. Bf4 Be7 12. b4 g5 13. Be5 0-0 14. h3 Be8 15. Qd3 a5 16. b5 Nxc3 17. Qxc3 Bxb5 18. Rb1 Qd7 19. Nxg5 Bxg5 20. Qg3 Bc6 21. Qxg5+ Kf7 22. Qh5+ Kg8 23. Rb3 f4 24. Bxf4 Rxf4 25. Rg3+ Qg7 26. Rxg7+ Kxg7 27. Qg5+ 1-0

[Event "SLO-chT 16th"]
[Site "Ljubljana"]
[Date "2006.07.04"]
[Round "2"]
[White "Krasevec, Viktor"]
[Black "Gorsek, Gregor"]
[Result "1/2-1/2"]
[WhiteElo "2065"]
[BlackElo "1880"]
[PlyCount "81"]
[EventDate "2006.07.03"]
[EventType "team-tourn"]
[EventRounds "9"]
[EventCountry "SLO"]
[SourceTitle "EXT 2008"]
[Source "ChessBase"]
[SourceDate "2007.11.25"]
[SourceVersion "1"]
[SourceVersionDate "2007.11.25"]
[SourceQuality "1"]

1. Nf3 d6 2. b3 Nf6 3. Bb2 g6 4. d4 Bg7 5. Nbd2 0-0 6. e4 Bg4 7. Be2 Nbd7 8. 0-0 c5 9. h3 Bxf3 10. Bxf3 Qc7 11. Re1 cxd4 12. Bxd4 Ne8 13. Nc4 Bxd4 14. Qxd4 Ne5 15. Be2 Nf6 16. f4 Nc6 17. Qe3 d5 18. e5 Ne4 19. Nd2 Nxd2 20. Qxd2 e6 21. Bd3 f6 22. exf6 Rxf6 23. Rf1 Raf8 24. Qe3 e5 25. fxe5 Rxf1+ 26. Rxf1 Rxf1+ 27. Kxf1 Qxe5 28. Ke2 Kf7 29. Qxe5 Nxe5 30. Ke3 Ke6 31. Be2 Nc6 32. c3 Ke5 33. Bf3 b6 34. Kd3 Ne7 35. c4 g5 36. a3 a5 37. cxd5 Nxd5 38. Kc4 Nc7 39. a4 h6 40. Bc6 Kd6 41. Bf3 1/2-1/2

[Event "SLO-chT 16th"]
[Site "Ljubljana"]
[Date "2006.07.03"]
[Round "1"]
[White "Borisek, Jure"]
[Black "Krasevec, Viktor"]
[Result "1-0"]
[WhiteElo "2495"]
[BlackElo "2065"]
[PlyCount "61"]
[EventDate "2006.07.03"]
[EventType "team-tourn"]
[EventRounds "9"]
[EventCountry "SLO"]
[SourceTitle "EXT 2008"]
[Source "ChessBase"]
[SourceDate "2007.11.25"]
[SourceVersion "1"]
[SourceVersionDate "2007.11.25"]
[SourceQuality "1"]

1. e4 c6 2. d4 d5 3. exd5 cxd5 4. c4 Nf6 5. Nc3 e6 6. Nf3 Be7 7. cxd5 exd5 8. Ne5 0-0 9. Be2 Nbd7 10. 0-0 Re8 11. Be3 a6 12. Rc1 Bf8 13. f4 b5 14. Bd3 Bb7 15. Qf3 Nb6 16. g4 Ne4 17. g5 Rc8 18. Nxe4 dxe4 19. Bxe4 Bxe4 20. Qxe4 Rxc1 21. Rxc1 f6 22. gxf6 gxf6 23. Qg2+ Bg7 24. Nc6 Qd6 25. Bd2 Nd5 26. Qf3 f5 27. Ne5 Nf6 28. Qb3+ Qe6 29. Qxe6+ Rxe6 30. Rc8+ Ne8 31. d5 1-0

[Event "Wch Seniors 15th"]
[Site "Lignano Sabbiadoro"]
[Date "2005.10.04"]
[Round "7"]
[White "Krasevec, Viktor"]
[Black "MacDonald Ross, Michael"]
[Result "0-1"]
[WhiteElo "2065"]
[BlackElo "2233"]
[PlyCount "82"]
[EventDate "2005.09.28"]
[EventType "swiss"]
[EventRounds "11"]
[EventCountry "ITA"]
[SourceTitle "CBM 108 Extra"]
[Source "ChessBase"]
[SourceDate "2005.11.04"]
[SourceVersion "1"]
[SourceVersionDate "2005.11.04"]
[SourceQuality "1"]

1. Nf3 Nf6 2. d4 d5 3. e3 Nbd7 4. c4 e6 5. Nc3 Be7 6. Bd3 0-0 7. 0-0 c5 8. cxd5 exd5 9. b3 b6 10. Bb2 Bb7 11. Rc1 Re8 12. Re1 a6 13. Ne2 Bd6 14. Nf4 Ne4 15. Bf1 Ndf6 16. Ne5 Rc8 17. Nh5 Qe7 18. Nxf6+ Nxf6 19. f4 Ne4 20. Bd3 b5 21. Qe2 f6 22. Nf3 c4 23. Bxe4 Qxe4 24. Nd2 Qg6 25. Qf2 Re7 26. a3 Rec7 27. bxc4 dxc4 28. Nb1 Be4 29. Nc3 Rb7 30. Nxe4 Qxe4 31. Qf3 Qxf3 32. gxf3 a5 33. Rc2 b4 34. Ra1 c3 35. axb4 axb4 36. Rac1 Rcc7 37. Ba1 Ra7 38. Kf2 Rxa1 39. Rxa1 b3 40. Ra8+ Kf7 41. Rc1 b2 0-1

[Event "Wch Seniors 15th"]
[Site "Lignano Sabbiadoro"]
[Date "2005.09.30"]
[Round "3"]
[White "Krasevec, Viktor"]
[Black "Thonig, Manfred"]
[Result "1-0"]
[WhiteElo "2065"]
[BlackElo "1836"]
[PlyCount "49"]
[EventDate "2005.09.28"]
[EventType "swiss"]
[EventRounds "11"]
[EventCountry "ITA"]
[SourceTitle "CBM 108 Extra"]
[Source "ChessBase"]
[SourceDate "2005.11.04"]
[SourceVersion "1"]
[SourceVersionDate "2005.11.04"]
[SourceQuality "1"]

1. d4 f5 2. c4 Nf6 3. Nc3 e6 4. Nf3 Bb4 5. Qc2 Bxc3+ 6. Qxc3 Ne4 7. Qc2 0-0 8. e3 b6 9. b3 d5 10. Ba3 Rf6 11. cxd5 exd5 12. Ne5 Rh6 13. Bd3 c6 14. 0-0-0 c5 15. f3 c4 16. bxc4 dxc4 17. Bxc4+ Be6 18. fxe4 Nd7 19. Bxe6+ Rxe6 20. Qb3 Qc8+ 21. Kb1 Nxe5 22. dxe5 Qc6 23. Qd5 fxe4 24. Bd6 Qe8 25. Rhf1 1-0

[Event "Ljubljana op 16th"]
[Site "Ljubljana"]
[Date "2005.07.15"]
[Round "9"]
[White "Roskar, Robert"]
[Black "Krasevec, Viktor"]
[Result "1-0"]
[WhiteElo "2268"]
[BlackElo "2065"]
[PlyCount "41"]
[EventDate "2005.07.09"]
[EventType "swiss"]
[EventRounds "9"]
[EventCountry "SLO"]
[SourceTitle "CBM 107 Extra"]
[Source "ChessBase"]
[SourceDate "2005.09.01"]
[SourceVersion "1"]
[SourceVersionDate "2005.09.01"]
[SourceQuality "1"]

1. e4 d6 2. d4 Nf6 3. Nc3 e6 4. f4 Be7 5. Nf3 0-0 6. Bd3 Nbd7 7. e5 Ne8 8. Ne4 f5 9. exf6 Ndxf6 10. Neg5 h6 11. Nh3 c5 12. dxc5 Qa5+ 13. Bd2 Qxc5 14. Qe2 Nd5 15. a3 a5 16. c4 Ndf6 17. Nf2 Qh5 18. 0-0-0 d5 19. g4 Nxg4 20. Nxg4 Qxg4 21. Rhg1 1-0

[Event "EU-ch Seniors 03rd"]
[Site "Saint Vincent"]
[Date "2003.09.17"]
[Round "1"]
[White "Jakobsen, Ole"]
[Black "Krasevec, Viktor"]
[Result "1/2-1/2"]
[WhiteElo "2381"]
[BlackElo "2026"]
[PlyCount "61"]
[EventDate "2003.09.17"]
[EventType "swiss"]
[EventRounds "9"]
[EventCountry "ITA"]
[SourceTitle "CBM 096 Extra"]
[Source "ChessBase"]
[SourceDate "2003.10.22"]
[SourceVersion "2"]
[SourceVersionDate "2003.10.20"]
[SourceQuality "1"]

1. d4 d5 2. Nf3 Nf6 3. c4 e6 4. Nc3 c6 5. e3 Nbd7 6. Bd3 dxc4 7. Bxc4 b5 8. Bd3 a6 9. a4 Bb7 10. 0-0 b4 11. Nb1 a5 12. Nbd2 Be7 13. e4 0-0 14. Qe2 c5 15. e5 Ne8 16. Ne4 cxd4 17. Rd1 Qb6 18. Bg5 f6 19. exf6 gxf6 20. Bh6 Ng7 21. Nxd4 Ne5 22. Bxg7 Kxg7 23. Ng5 Bd5 24. Ngf3 Nxd3 25. Qxd3 Bc5 26. Qb5 Rfd8 27. Qxb6 Bxb6 28. Kf1 Kf7 29. Rac1 Rac8 30. Ke2 Bc4+ 31. Ke1 1/2-1/2

[Event "Ljubljana op 13th"]
[Site "Ljubljana"]
[Date "2002.06.26"]
[Round "5"]
[White "Krasevec, Viktor"]
[Black "Semrl, Marjan"]
[Result "1/2-1/2"]
[WhiteElo "2007"]
[BlackElo "2213"]
[PlyCount "68"]
[EventDate "2002.06.22"]
[EventType "swiss"]
[EventRounds "9"]
[EventCountry "SLO"]
[SourceTitle "CBM 088 Extra"]
[Source "ChessBase"]
[SourceDate "2002.07.01"]
[SourceVersion "2"]
[SourceVersionDate "2002.07.01"]
[SourceQuality "1"]

1. Nf3 Nc6 2. d4 d5 3. g3 Bg4 4. Bg2 Qd7 5. Nbd2 0-0-0 6. Nb3 e6 7. h3 Bf5 8. c3 h5 9. Bf4 f6 10. a4 g5 11. Be3 Qh7 12. Nbd2 a5 13. Nb1 Nh6 14. Na3 Nf7 15. Nb5 Nd6 16. Nd2 Be7 17. Nxd6+ Bxd6 18. Rc1 Rhg8 19. Qb3 Qf7 20. Qb5 Qd7 21. Nb3 b6 22. Bd2 Nb8 23. Qxd7+ Kxd7 24. c4 dxc4 25. Rxc4 Bb1 26. Nc1 Bg6 27. 0-0 Na6 28. Na2 Bf7 29. Bc6+ Ke7 30. e4 e5 31. d5 Bg6 32. Re1 Nc5 33. b4 Nd3 34. Re3 Nxb4 1/2-1/2

[Event "Nova Gorica op 07th"]
[Site "Nova Gorica"]
[Date "2002.02.06"]
[Round "7"]
[White "Krasevec, Viktor"]
[Black "Bednarich, Jan"]
[Result "1-0"]
[WhiteElo "2013"]
[BlackElo "2249"]
[PlyCount "117"]
[EventDate "2002.01.12"]
[EventType "swiss"]
[EventRounds "9"]
[EventCountry "SLO"]
[SourceTitle "CBM 086 Extra"]
[Source "ChessBase"]
[SourceDate "2002.03.14"]
[SourceVersion "1"]
[SourceVersionDate "2002.03.14"]
[SourceQuality "1"]

1. d4 Nf6 2. Nf3 c5 3. d5 g6 4. c4 Bg7 5. Nc3 0-0 6. e4 d6 7. Bd3 e6 8. 0-0 exd5 9. exd5 Bg4 10. h3 Bxf3 11. Qxf3 a6 12. Bg5 Nbd7 13. Ne4 h6 14. Nxf6+ Nxf6 15. Bh4 b5 16. b3 Rb8 17. Rab1 Re8 18. Rfe1 Qa5 19. Rxe8+ Nxe8 20. Qe2 Be5 21. Bg3 Bxg3 22. fxg3 bxc4 23. Bxc4 Ng7 24. g4 Re8 25. Qf2 Re5 26. Rf1 f5 27. Bd3 Qc3 28. Bxa6 fxg4 29. hxg4 Kh7 30. Bc4 Re4 31. Be2 Rd4 32. Rd1 Qc2 33. Rxd4 cxd4 34. Qf3 Qxa2 35. Bd3 Qd2 36. Qe4 Qc1+ 37. Kf2 Qd2+ 38. Kf3 Kg8 39. Qxd4 Qg5 40. Qe4 h5 41. gxh5 gxh5 42. g3 Qf6+ 43. Ke2 Qb2+ 44. Bc2 Qc3 45. Qd3 Qe5+ 46. Kd2 Qg5+ 47. Kc3 Qe5+ 48. Kc4 Qe1 49. b4 Kf7 50. Qg6+ Kg8 51. Qxd6 Qf1+ 52. Bd3 Qc1+ 53. Kb5 Qc3 54. Bc4 Ne8 55. Qe7 Nf6 56. d6+ Kh8 57. d7 Nxd7 58. Qxd7 h4 59. Qd8+ 1-0

[Event "Ljubljana op 12th"]
[Site "Ljubljana"]
[Date "2001.07.01"]
[Round "9"]
[White "Krasevec, Viktor"]
[Black "Krzisnik, Rok"]
[Result "0-1"]
[WhiteElo "2007"]
[BlackElo "2230"]
[PlyCount "40"]
[EventDate "2001.06.23"]
[EventType "swiss"]
[EventRounds "9"]
[EventCountry "SLO"]
[SourceTitle "EXT 2002"]
[Source "ChessBase"]
[SourceDate "2001.11.25"]
[SourceVersion "1"]
[SourceVersionDate "2001.11.25"]
[SourceQuality "1"]

1. d4 Nf6 2. c4 g6 3. Nc3 d5 4. cxd5 Nxd5 5. Nf3 Bg7 6. Nxd5 Qxd5 7. g3 Bf5 8. Bg2 Be4 9. 0-0 0-0 10. Be3 Nc6 11. Qd2 Rfd8 12. Rfd1 e5 13. dxe5 Qb5 14. a4 Qb3 15. Nd4 Nxd4 16. Bxd4 Bxg2 17. Kxg2 c5 18. Ra3 Qd5+ 19. e4 Qxe4+ 20. f3 Qxd4 0-1